000 00594nam a2200229 a 4500
999 _c5876
_d5876
001 5876
003 BD-JhCC
005 20190920134007.0
008 171228s1961 bg |||| ||a| 000 0 eng d
020 _a0340893192
035 _a(BD-JhCC)5876
040 _aBD-JhCC
_dBD-JhCC
041 _aeng
082 _a823.912
_bBLY 1961
100 _a Blyton, Enid
245 _aShock For The Secret Seven /
_cEnid Blyton
260 _aGreat Britain
_bHolder Children's Books,
_c1961.
300 _a152 p. :
_c7 cm.
650 _aDetective And Mystery Stories
942 _2ddc
_cBK
_03